Sports Quiz

Random Sports or Soccer Quiz
Score 0/27 Timer 05:00
0 Plays Today
Player % Correct
Álvaro Recoba
96.3%
Walter Novellino
88.9%
Alessandro Rosina
88.9%
Eugenio Corini
88.9%
David Di Michele
85.2%
Simone Barone
85.2%
Roberto Stellone
81.5%
Matteo Sereni
77.8%
Gianluca Comotto
77.8%
Aimo Diana
74.1%
Marco Motta
74.1%
Nicola Ventola
74.1%
Salvatore Lanna
66.7%
Cesare Natali
66.7%
Player % Correct
Saša Bjelanović
55.6%
Vincenzo Grella
55.6%
Marco Di Loreto
44.4%
Matteo Rubin
44.4%
Marco Pisano
44.4%
Nikola Lazetić
40.7%
Paolo Dellafiore
33.3%
Paolo Zanetti
33.3%
Alberto Fontana
29.6%
Dominique Malonga
18.5%
Masashi Ōguro
18.5%
Tommaso Vailatti
14.8%
Davide Bottone
11.1%
Remove Ads.
Support Sporcle.
Get the best of Sporcle when you Go Orange. This ad-free experience offers more features, more stats, and more fun while also helping to support Sporcle. Thank you for becoming a member.

You're not logged in!

Compare scores with friends on all Sporcle quizzes.
OR
Log In

Sporcle TV

Today on Sporcle TV


Watch our educational content, quiz creation guides, and fun videos on Sporcle TV.

Show Comments

Extras

Created May 8, 2020ReportNominate
Tags:Soccer Quiz, Serie A

Top Quizzes Today


Score Distribution

Paid Content

Your Account Isn't Verified!

In order to create a playlist on Sporcle, you need to verify the email address you used during registration. Go to your Sporcle Settings to finish the process.

Report this User

Report this user for behavior that violates our Community Guidelines.

Details: